| 000 | 00930nam a22002537a 4500 | ||
|---|---|---|---|
| 005 | 20170124110019.0 | ||
| 010 | _aA-935640 | ||
| 020 |
_c130.00 _a8173700474 |
||
| 035 | _aA-935640 | ||
| 037 | _bCen Lib/Ret | ||
| 040 |
_aDPL _bEN |
||
| 082 |
_a336.24 _bCHA |
||
| 100 |
_aCahndra, Mahesh _919218 |
||
| 245 |
_aIncome tax law and practice : _cby Mahesh Chandra, S.P. Goyal [and] D.C. Shukla _bincorporating the provisions of the finance act, 1997 and the income-tax act as amended upto date; for B.Com .(Hons), C.A. Inter ans C.S. / |
||
| 250 | _a20th rev. ed | ||
| 260 |
_aDelhi _bPragati Publication _c1978 |
||
| 270 |
_a9926, Library Road, Azad Market _bDelhi _e110006 |
||
| 300 |
_ax,582p. : _c21cm(Hb) _bill. |
||
| 650 |
_aIncome tax--Law and legislation _919219 |
||
| 650 |
_aIncome tax _919220 |
||
| 700 |
_aGoyal, S.P. _919221 |
||
| 700 |
_aShukla, D.C. _919222 |
||
| 942 |
_2ddc _cEN _h336.24 _mCHA |
||
| 999 |
_c127043 _d127043 |
||